[Event "Tch-CRO 1stA liga 2017"]
[Site "Mali Losinj"]
[Date "2017.09.28"]
[Round "1.11"]
[White "Rogic, Davor"]
[Black "Saric, Ivan"]
[Result "1/2-1/2"]
[WhiteElo "2511"]
[BlackElo "2662"]
[PlyCount "124"]
[EventDate "2017.??.??"]
[EventCountry "CRO"]

1. e4 c5 2. Nf3 d6 3. d4 cxd4 4. Nxd4 Nf6 5. Nc3 a6 6. Be2 e5 7. Nf3 Be7 8. Bg5
Be6 9. Bxf6 Bxf6 10. O-O O-O 11. Nd5 Nd7 12. Bc4 Rc8 13. Bb3 Nc5 14. Nxf6+ Qxf6
15. Qxd6 Bxb3 16. Qxf6 gxf6 17. axb3 Nxe4 18. Rfe1 Nd6 19. c3 Rfd8 20. Ra4 Nf5
21. Kf1 Rc6 22. Rc4 Rb6 23. b4 a5 24. bxa5 Rxb2 25. Rb4 Ra2 26. Rxb7 Rxa5 27.
Rb2 Rc5 28. Rc1 Rdc8 29. Rbc2 Kg7 30. c4 Rb8 31. Rc3 Nd6 32. Nd2 f5 33. Rd3 Rb6
34. Rg3+ Kf6 35. Rh3 Rb2 36. Ke1 Kg7 37. Rg3+ Kf8 38. Rh3 e4 39. Rxh7 f4 40.
Rh3 Rg5 41. c5 f3 42. gxf3 Rg1+ 43. Nf1 exf3 44. Rxf3 Ne4 45. Rd1 Nxc5 46. Re3
Ne6 47. Re2 Rb5 48. Re3 Rf5 49. Rc1 Ra5 50. Rc8+ Ke7 51. Ke2 Ra2+ 52. Nd2 Rg2
53. h3 Rg5 54. Rcc3 Kf8 55. Rc8+ Ke7 56. Rcc3 Kf6 57. Rf3+ Kg6 58. Rg3 Nf4+ 59.
Kd1 Ra1+ 60. Kc2 Ra2+ 61. Kd1 Ra1+ 62. Kc2 Ra2+ 1/2-1/2

[Event "Tch-CRO 1stA liga 2017"]
[Site "Mali Losinj"]
[Date "2017.09.28"]
[Round "1.12"]
[White "Predojevic, Borki"]
[Black "Dabo-Peranic, Robert"]
[Result "1-0"]
[WhiteElo "2614"]
[BlackElo "2341"]
[PlyCount "69"]
[EventDate "2017.??.??"]
[EventCountry "CRO"]

1. d4 Nf6 2. Nf3 d5 3. c4 e6 4. g3 Be7 5. Bg2 O-O 6. b3 dxc4 7. bxc4 c5 8. O-O
Nc6 9. e3 cxd4 10. exd4 Qa5 11. Bb2 Rd8 12. Nbd2 Bd7 13. Qe2 Qa6 14. Rfc1 Rac8
15. Nb3 Be8 16. Bf1 Ba3 17. Rab1 b6 18. Rc3 Bb4 19. Re3 Ne7 20. d5 Nf5 21. Bxf6
gxf6 22. Re4 Ng7 23. dxe6 Nxe6 24. Nbd4 Nxd4 25. Nxd4 Bf8 26. Rg4+ Kh8 27. Qf3
Rd6 28. c5 Qxf1+ 29. Rxf1 Rxc5 30. Re1 Bd7 31. Rf4 Rcd5 32. Rxf6 Rxd4 33. Rxd6
Rxd6 34. Qxf7 Bh6 35. Re8+ 1-0

[Event "Tch-CRO 1stA liga 2017"]
[Site "Mali Losinj"]
[Date "2017.09.28"]
[Round "1.13"]
[White "Rubil, Marko"]
[Black "Markus, Robert"]
[Result "0-1"]
[WhiteElo "2298"]
[BlackElo "2650"]
[PlyCount "60"]
[EventDate "2017.??.??"]
[EventCountry "CRO"]

1. e4 e6 2. d4 d5 3. e5 c5 4. c3 Nc6 5. Nf3 Bd7 6. Be2 Nge7 7. Na3 Ng6 8. O-O
Be7 9. Re1 O-O 10. Bd3 cxd4 11. cxd4 Qb6 12. Nc2 Nb4 13. Nxb4 Bxb4 14. Re3 h6
15. a4 Rac8 16. Re2 a5 17. Bc2 Qa6 18. h4 Ne7 19. Bf4 f5 20. exf6 Rxf6 21. Be5
Rff8 22. Ne1 Be8 23. Nd3 Bh5 24. f3 Bg6 25. Nf4 Bxc2 26. Rxc2 Bd6 27. Rxc8 Rxc8
28. Qe1 Rc2 29. Nxe6 Re2 30. Qg3 Bxe5 0-1

[Event "Tch-CRO 1stA liga 2017"]
[Site "Mali Losinj"]
[Date "2017.09.28"]
[Round "1.14"]
[White "Kuljasevic, Davorin"]
[Black "Matanovic, Luka"]
[Result "1-0"]
[WhiteElo "2549"]
[BlackElo "2211"]
[PlyCount "45"]
[EventDate "2017.??.??"]
[EventCountry "CRO"]

1. d4 Nf6 2. c4 g6 3. Nc3 Bg7 4. e4 d6 5. Nf3 O-O 6. Be2 e5 7. d5 a5 8. Bg5 Na6
9. Nd2 Qe8 10. g4 Nd7 11. Nf1 Ndc5 12. Ng3 Bd7 13. h4 c6 14. h5 f5 15. gxf5
gxf5 16. exf5 e4 17. f6 Nd3+ 18. Kf1 Nac5 19. Bxd3 Nxd3 20. Ncxe4 cxd5 21. fxg7
Kxg7 22. Qxd3 dxe4 23. Qd4+ 1-0

[Event "Tch-CRO 1stA liga 2017"]
[Site "Mali Losinj"]
[Date "2017.09.28"]
[Round "1.15"]
[White "Vukelic, Tomislav"]
[Black "Jovanic, Ognjen"]
[Result "1/2-1/2"]
[WhiteElo "2226"]
[BlackElo "2490"]
[PlyCount "106"]
[EventDate "2017.??.??"]
[EventCountry "CRO"]

1. e4 e5 2. Bc4 Nf6 3. d3 c6 4. Bb3 Be7 5. Nc3 O-O 6. Qf3 Na6 7. a3 Nc5 8. Ba2
d6 9. h3 Be6 10. Nge2 Bxa2 11. Rxa2 d5 12. O-O Ne6 13. Ra1 Re8 14. Ng3 Nd4 15.
Qd1 h6 16. Nce2 Ne6 17. Be3 Bf8 18. Qc1 Kh7 19. Rd1 Qc7 20. Kh1 a5 21. a4 Rad8
22. c3 Rd7 23. Qc2 g6 24. Qb3 Nc5 25. Qc2 dxe4 26. Nxe4 Nfxe4 27. dxe4 Red8 28.
Rxd7 Qxd7 29. Kg1 Qd3 30. Qxd3 Rxd3 31. Bxc5 Bxc5 32. Kf1 f5 33. exf5 gxf5 34.
Ke1 Kg6 35. Nc1 Rd7 36. Nb3 Bb6 37. Ke2 Kg5 38. Rf1 h5 39. Nd2 Bc7 40. Nf3+ Kf6
41. Nd2 h4 42. Rd1 Rg7 43. Kf1 Ke6 44. Nf3 e4 45. Nxh4 f4 46. Re1 Kd5 47. Nf5
Rf7 48. Nd4 Bb6 49. Rd1 Kc4 50. Ke2 Rg7 51. Kf1 Rf7 52. Ke2 Rg7 53. Kf1 Rf7
1/2-1/2

[Event "Tch-CRO 1stA liga 2017"]
[Site "Mali Losinj"]
[Date "2017.09.28"]
[Round "1.16"]
[White "Kovacevic, Blazimir"]
[Black "Soldo, Josip"]
[Result "1-0"]
[WhiteElo "2488"]
[BlackElo "2122"]
[PlyCount "43"]
[EventDate "2017.??.??"]
[EventCountry "CRO"]

1. Nf3 g6 2. d4 Bg7 3. c4 d5 4. cxd5 Nf6 5. Qa4+ Kf8 6. Qa3 Nxd5 7. e4 Nb6 8.
Be3 Nc6 9. d5 Ne5 10. Nxe5 Bxe5 11. Nc3 Bd7 12. Rd1 h6 13. Be2 Kg8 14. O-O Rc8
15. f4 Bd6 16. Qb3 e5 17. dxe6 Bxe6 18. Qc2 Qe7 19. Nb5 Bf5 20. Bf3 Nd7 21.
Nxd6 cxd6 22. Qxc8+ 1-0

[Event "Tch-CRO 1stA liga 2017"]
[Site "Mali Losinj"]
[Date "2017.09.28"]
[Round "1.21"]
[White "Srbis, Jurica"]
[Black "Cheparinov, Ivan"]
[Result "0-1"]
[WhiteElo "2421"]
[BlackElo "2695"]
[PlyCount "52"]
[EventDate "2017.??.??"]
[EventCountry "CRO"]

1. e4 c5 2. Nf3 e6 3. d4 cxd4 4. Nxd4 Nc6 5. Nc3 Qc7 6. g3 a6 7. Bg2 Nf6 8. O-O
h5 9. Nf3 d6 10. Bg5 Be7 11. Qe2 Bd7 12. Rad1 Rc8 13. Rd2 Ne5 14. Nxe5 dxe5 15.
Rfd1 Bc6 16. h4 O-O 17. Bxf6 Bxf6 18. Qxh5 Qb6 19. b3 Qa5 20. Rd3 b5 21. Bh3 b4
22. Nd5 exd5 23. Rxd5 Bxd5 24. Rxd5 Qc7 25. Rd7 Qxc2 26. Bf5 Qc1+ 0-1

[Event "Tch-CRO 1stA liga 2017"]
[Site "Mali Losinj"]
[Date "2017.09.28"]
[Round "1.22"]
[White "Hracek, Zbynek"]
[Black "Radovanovic, Nikola"]
[Result "1-0"]
[WhiteElo "2610"]
[BlackElo "2398"]
[PlyCount "83"]
[EventDate "2017.??.??"]
[EventCountry "CRO"]

1. e4 c5 2. Nf3 d6 3. d4 cxd4 4. Nxd4 Nf6 5. Nc3 a6 6. Be3 e6 7. f3 b5 8. a3
Bb7 9. Qd2 Nbd7 10. O-O-O h5 11. h3 h4 12. Bd3 Nc5 13. Rhe1 Be7 14. Bg5 Qb6 15.
f4 b4 16. axb4 Qxb4 17. e5 dxe5 18. fxe5 Nd5 19. Bxe7 Nxe7 20. Ne4 Qxd2+ 21.
Rxd2 Bxe4 22. Bxe4 O-O-O 23. b4 Nd7 24. Nf3 Nb6 25. Rxd8+ Rxd8 26. c3 Nc4 27.
Kc2 Nd5 28. Bxd5 Rxd5 29. Re4 Nb6 30. Rxh4 Kd8 31. c4 Rd7 32. Kc3 Ke7 33. Rd4
Rc7 34. Kb3 Nd7 35. Ka4 Rb7 36. c5 Rc7 37. Rd6 f6 38. exf6+ gxf6 39. Nd4 e5 40.
Nf5+ Kf7 41. Rxa6 e4 42. Nd6+ 1-0

[Event "Tch-CRO 1stA liga 2017"]
[Site "Mali Losinj"]
[Date "2017.09.28"]
[Round "1.23"]
[White "Ivekovic, Zvonimir"]
[Black "Leventic, Ivan"]
[Result "1/2-1/2"]
[WhiteElo "2409"]
[BlackElo "2411"]
[PlyCount "120"]
[EventDate "2017.??.??"]
[EventCountry "CRO"]

1. e4 e5 2. Nf3 Nf6 3. Nxe5 d6 4. Nf3 Nxe4 5. d4 d5 6. Bd3 Be7 7. O-O Nd6 8.
Bf4 O-O 9. Re1 Re8 10. Nbd2 Nd7 11. c4 dxc4 12. Nxc4 Nf6 13. Qb3 Be6 14. Rxe6
fxe6 15. Ng5 Qc8 16. Rc1 Nf7 17. Nxf7 Kxf7 18. Ne5+ Kf8 19. Rxc7 Qxc7 20. Ng6+
hxg6 21. Bxc7 Rac8 22. Qxb7 Nd5 23. Be5 Rc1+ 24. Bf1 Rec8 25. g3 R8c2 26. Qb3
Bf6 27. Kg2 Bxe5 28. dxe5 Rd2 29. Qb8+ Kf7 30. Qxa7+ Rc7 31. Qa3 Rcc2 32. Qf3+
Ke7 33. Bb5 Rxb2 34. Qa3+ Kf7 35. Qf3+ Ke7 36. a4 g5 37. h3 g4 38. hxg4 Rxf2+
39. Qxf2 Ne3+ 40. Kf3 Rxf2+ 41. Kxf2 Nxg4+ 42. Kf3 Nxe5+ 43. Ke4 Kd6 44. a5 Ng4
45. a6 Nf6+ 46. Kf4 Nd5+ 47. Kg5 Kc5 48. Bf1 Kb6 49. Kg6 e5 50. Kxg7 e4 51. Kf7
Ne3 52. Bh3 Nd5 53. g4 Kxa6 54. g5 Nf4 55. Bf1+ Kb6 56. Kf6 e3 57. Ke5 Ng6+ 58.
Kf5 Nf8 59. Ke4 Kc7 60. Kxe3 Kd6 1/2-1/2

[Event "Tch-CRO 1stA liga 2017"]
[Site "Mali Losinj"]
[Date "2017.09.28"]
[Round "1.24"]
[White "Zivkovic, Vjekoslav"]
[Black "Ostovic, Matija"]
[Result "1/2-1/2"]
[WhiteElo "2358"]
[BlackElo "2334"]
[PlyCount "29"]
[EventDate "2017.??.??"]
[EventCountry "CRO"]

1. e4 c5 2. Nf3 e6 3. g3 d5 4. exd5 exd5 5. Bg2 Nf6 6. O-O Be7 7. d4 O-O 8.
dxc5 Bxc5 9. Nc3 Nc6 10. Na4 Be7 11. Be3 Ne4 12. Nd4 Qa5 13. c4 Rd8 14. cxd5
Qxd5 15. Nc3 1/2-1/2

[Event "Tch-CRO 1stA liga 2017"]
[Site "Mali Losinj"]
[Date "2017.09.28"]
[Round "1.25"]
[White "Vrban, Mladen"]
[Black "Mrkonjic, Nenad"]
[Result "0-1"]
[WhiteElo "2295"]
[BlackElo "2351"]
[PlyCount "124"]
[EventDate "2017.??.??"]
[EventCountry "CRO"]

1. e4 e5 2. Nf3 Nf6 3. Nxe5 d6 4. Nc4 Nxe4 5. Qe2 Qe7 6. Ne3 Be6 7. g3 Nc6 8.
Bg2 d5 9. c3 O-O-O 10. d3 Nf6 11. d4 Qd7 12. Nd2 Re8 13. Nb3 Bd6 14. O-O Bh3
15. Qf3 Ne7 16. c4 c6 17. cxd5 Bxg2 18. Kxg2 Nexd5 19. Nc4 Bc7 20. Bd2 Qg4 21.
Rfe1 Qxf3+ 22. Kxf3 Nd7 23. Rac1 N7b6 24. Nc5 Nxc4 25. Rxe8+ Rxe8 26. Rxc4 Bd6
27. Nd3 f5 28. Rc1 Re4 29. Bc3 g5 30. Re1 g4+ 31. Kg2 Kd7 32. f3 Rxe1 33. Bxe1
Ke6 34. Bd2 h5 35. Kf2 b6 36. Ke2 Be7 37. Ne1 Bf6 38. Kd3 b5 39. b3 a6 40. a4
Be7 41. Ke2 Bf6 42. Nc2 Bd8 43. f4 h4 44. Be1 h3 45. Kd3 Be7 46. Ke2 Bd6 47.
Kf1 Nf6 48. Bb4 Bc7 49. Be1 Nd5 50. Bd2 Kd7 51. Be1 Bb6 52. Ke2 Ke6 53. Kd3 Bc7
54. Ke2 bxa4 55. bxa4 Bd6 56. Kf1 Nb6 57. a5 Nd5 58. Bd2 c5 59. dxc5 Bxc5 60.
Bc1 Nb4 61. Ne1 Kd5 62. Ke2 Bg1 0-1

[Event "Tch-CRO 1stA liga 2017"]
[Site "Mali Losinj"]
[Date "2017.09.28"]
[Round "1.26"]
[White "Feletar, Darko"]
[Black "Matijevic, Hrvoje"]
[Result "1-0"]
[WhiteElo "2370"]
[BlackElo "2227"]
[PlyCount "41"]
[EventDate "2017.??.??"]
[EventCountry "CRO"]

1. Nf3 Nf6 2. c4 e6 3. Nc3 d5 4. d4 Nbd7 5. Bg5 c6 6. e3 Qa5 7. Nd2 Bb4 8. Qc2
c5 9. Nb3 Qa4 10. Bxf6 Nxf6 11. dxc5 Ne4 12. cxd5 exd5 13. Bd3 Bxc3+ 14. bxc3
Be6 15. O-O Rc8 16. Bxe4 dxe4 17. Rfd1 O-O 18. Rd4 Bxb3 19. Qxb3 Qc6 20. Rad1
Rc7 21. Rd5 1-0

[Event "Tch-CRO 1stA liga 2017"]
[Site "Mali Losinj"]
[Date "2017.09.28"]
[Round "1.31"]
[White "Ponkratov, Pavel"]
[Black "Romanov, Evgeny"]
[Result "1-0"]
[WhiteElo "2591"]
[BlackElo "2626"]
[PlyCount "79"]
[EventDate "2017.??.??"]
[EventCountry "CRO"]

1. Nf3 d5 2. g3 Nf6 3. Bg2 Bg4 4. c4 c6 5. Ne5 Be6 6. cxd5 Bxd5 7. Nf3 e5 8.
Nc3 Bxf3 9. Bxf3 Nbd7 10. O-O a5 11. Bg2 Nc5 12. b3 Ne6 13. Bb2 Bd6 14. e3 Qe7
15. Qc2 h5 16. Rad1 h4 17. d4 hxg3 18. hxg3 Ng5 19. dxe5 Bxe5 20. Rfe1 Qe6 21.
f4 Nh3+ 22. Kf1 Nh5 23. Ne2 Bxb2 24. Qxb2 Qg4 25. Qe5+ Kf8 26. Qc7 g5 27. Rd7
gxf4 28. Red1 Rh7 29. Qe5 Re8 30. Qc5+ Kg7 31. Qc3+ Kf8 32. Rd8 Ng7 33. Qc5+
Kg8 34. Rxe8+ Nxe8 35. Rd8 Qe6 36. exf4 f5 37. Qc4 Qxc4 38. bxc4 Kf8 39. Nd4
Rh5 40. Ne6+ 1-0

[Event "Tch-CRO 1stA liga 2017"]
[Site "Mali Losinj"]
[Date "2017.09.28"]
[Round "1.32"]
[White "Ivanisevic, Ivan"]
[Black "Martinovic, Sasa"]
[Result "1/2-1/2"]
[WhiteElo "2611"]
[BlackElo "2565"]
[PlyCount "115"]
[EventDate "2017.??.??"]
[EventCountry "CRO"]

1. e4 e6 2. d4 d5 3. exd5 exd5 4. Nf3 Nf6 5. Bd3 Bd6 6. O-O O-O 7. h3 h6 8. Nc3
a6 9. Ne2 Re8 10. Bf4 Nc6 11. c3 Bxf4 12. Nxf4 Qd6 13. Qc1 Ne4 14. Bc2 Bf5 15.
Nd3 f6 16. Re1 Bh7 17. Nh2 Ne7 18. Nf4 c6 19. Ng4 Nf5 20. Bd3 Re7 21. f3 Neg3
22. Rxe7 Qxe7 23. Qe1 Re8 24. Qxe7 Rxe7 25. Kf2 Kf7 26. a4 a5 27. h4 g5 28.
hxg5 hxg5 29. Bxf5 Bxf5 30. Kxg3 gxf4+ 31. Kxf4 Bxg4 32. Kxg4 Re2 33. g3 Kg6
34. Rb1 b6 35. Kf4 Rg2 36. g4 Re2 37. b4 Rc2 38. bxa5 bxa5 39. Rb3 Rc1 40. Ke3
Kg5 41. Kd2 Rf1 42. Rb6 Rxf3 43. Rxc6 Kxg4 44. Rc5 Kf4 45. Rxd5 Ke4 46. Rxa5
Rf2+ 47. Kc1 f5 48. d5 f4 49. d6 Rf3 50. Kc2 Rf2+ 51. Kd1 Rf3 52. Kc2 Rf2+ 53.
Kb3 Rd2 54. Ra8 Rxd6 55. Rf8 f3 56. a5 Ke3 57. Kb4 f2 58. Kc5 1/2-1/2

[Event "Tch-CRO 1stA liga 2017"]
[Site "Mali Losinj"]
[Date "2017.09.28"]
[Round "1.33"]
[White "Cvitan, Ognjen"]
[Black "Lalic, Bogdan"]
[Result "1/2-1/2"]
[WhiteElo "2487"]
[BlackElo "2438"]
[PlyCount "60"]
[EventDate "2017.??.??"]
[EventCountry "CRO"]

1. d4 Nf6 2. c4 e6 3. Nc3 Bb4 4. e3 c5 5. Bd3 Nc6 6. Nge2 cxd4 7. exd4 d5 8.
cxd5 Nxd5 9. O-O O-O 10. Nxd5 exd5 11. Nf4 Bd6 12. Re1 Nb4 13. Bb1 Qf6 14. Nxd5
Nxd5 15. Qh5 Bxh2+ 16. Kxh2 Qd6+ 17. Qe5 Qxe5+ 18. dxe5 Be6 19. Be4 Rfd8 20.
Bg5 Rd7 21. Red1 h6 22. Bd2 Rad8 23. Be1 Nf4 24. Rxd7 Rxd7 25. Rc1 g6 26. a3
Kg7 27. Rc2 Nd3 28. Bc3 Nc5 29. Bf3 Nb3 30. Re2 b6 1/2-1/2

[Event "Tch-CRO 1stA liga 2017"]
[Site "Mali Losinj"]
[Date "2017.09.28"]
[Round "1.34"]
[White "Plenkovic, Zdenko"]
[Black "Kurajica, Bojan"]
[Result "1/2-1/2"]
[WhiteElo "2415"]
[BlackElo "2509"]
[PlyCount "75"]
[EventDate "2017.??.??"]
[EventCountry "CRO"]

1. e4 c5 2. Nf3 Nc6 3. Nc3 e6 4. d4 cxd4 5. Nxd4 Qc7 6. Be2 a6 7. O-O Nxd4 8.
Qxd4 Ne7 9. Be3 Nc6 10. Qd2 Be7 11. Rad1 d6 12. Na4 b5 13. Nb6 Rb8 14. Nxc8
Rxc8 15. c4 b4 16. Bf4 e5 17. Be3 O-O 18. c5 dxc5 19. Bxa6 Rcd8 20. Qe2 Nd4 21.
Bxd4 Rxd4 22. Bc4 g6 23. Bd5 Kg7 24. Rc1 f5 25. Rfd1 Qd6 26. Rxd4 exd4 27. Re1
Bf6 28. Qb5 fxe4 29. Bxe4 d3 30. Qxd3 Qxd3 31. Bxd3 Rd8 32. Bf1 Bxb2 33. g3 Rd2
34. Re2 Rxe2 35. Bxe2 g5 36. Kg2 Kf6 37. f4 gxf4 38. gxf4 1/2-1/2

[Event "Tch-CRO 1stA liga 2017"]
[Site "Mali Losinj"]
[Date "2017.09.28"]
[Round "1.35"]
[White "Muse, Mladen"]
[Black "Sulava, Nenad"]
[Result "0-1"]
[WhiteElo "2391"]
[BlackElo "2452"]
[PlyCount "74"]
[EventDate "2017.??.??"]
[EventCountry "CRO"]

1. Nf3 d5 2. g3 Nc6 3. d4 Bf5 4. Bg2 Nb4 5. Na3 e6 6. O-O Be7 7. c3 Nc6 8. Qa4
Qd7 9. b4 a6 10. b5 Na7 11. Ne5 axb5 12. Qb3 Qc8 13. Nxb5 Nxb5 14. Qxb5+ c6 15.
Qb3 Nf6 16. a4 O-O 17. Bg5 h6 18. Bxf6 Bxf6 19. Nd3 Qc7 20. Rac1 Ra5 21. e4 Bh7
22. Rfd1 dxe4 23. Nc5 Bg5 24. Ra1 b5 25. axb5 Rxb5 26. Qc4 e3 27. f4 Be7 28.
Nd3 Rfb8 29. Ne5 Rb2 30. Qxc6 Qxc6 31. Nxc6 Rxg2+ 32. Kxg2 Be4+ 33. Kf1 Bxc6
34. Ke2 Rb3 35. Rdc1 Ba3 36. Rab1 Bb5+ 37. Kf3 Bxc1 0-1

[Event "Tch-CRO 1stA liga 2017"]
[Site "Mali Losinj"]
[Date "2017.09.28"]
[Round "1.36"]
[White "Loncar, Robert"]
[Black "Kovacevic, Vlatko"]
[Result "1/2-1/2"]
[WhiteElo "2368"]
[BlackElo "2446"]
[PlyCount "73"]
[EventDate "2017.??.??"]
[EventCountry "CRO"]

1. e4 e6 2. d4 d5 3. Nd2 a6 4. g3 c5 5. exd5 Qxd5 6. Ngf3 cxd4 7. Bg2 Nc6 8.
O-O Nf6 9. Nb3 Qd7 10. Nfxd4 Nxd4 11. Nxd4 Be7 12. c3 O-O 13. Qe2 Qc7 14. Bf4
Bd6 15. Bg5 Qe7 16. Rad1 Rd8 17. Qf3 h6 18. Bc1 Bc5 19. Nb3 Bb6 20. Rxd8+ Qxd8
21. Bf4 Qe7 22. Be5 a5 23. Rd1 a4 24. Bd6 Qe8 25. Nd4 Ra5 26. Bb4 Rd5 27. Qe2
Rd8 28. Nc2 e5 29. Rxd8 Qxd8 30. h3 Bf5 31. Ne3 Bd3 32. Qd1 Ne4 33. Qg4 Nf6 34.
Qd1 Ne4 35. Qg4 Nf6 36. Qd1 e4 37. Qxa4 1/2-1/2

[Event "Tch-CRO 1stA liga 2017"]
[Site "Mali Losinj"]
[Date "2017.09.28"]
[Round "1.41"]
[White "Postny, Evgeny"]
[Black "Ivanchuk, Vassily"]
[Result "1/2-1/2"]
[WhiteElo "2569"]
[BlackElo "2727"]
[PlyCount "160"]
[EventDate "2017.??.??"]
[EventCountry "CRO"]

1. d4 Nf6 2. c4 e6 3. Nf3 b6 4. g3 Ba6 5. Qc2 Bb4+ 6. Bd2 Be7 7. e4 d5 8. cxd5
Bxf1 9. Kxf1 exd5 10. e5 Ne4 11. Nc3 Nxd2+ 12. Qxd2 Nc6 13. Kg2 Qd7 14. Rac1
Nd8 15. Nd1 h5 16. h4 Ne6 17. Ne3 g6 18. Qd3 O-O 19. Ng1 Rad8 20. f4 c5 21. Nf3
cxd4 22. Nc2 Nc5 23. Qf1 d3 24. Ncd4 Rc8 25. a3 a5 26. Rd1 Rfe8 27. Ne1 Qa4 28.
Nef3 f6 29. Kh2 fxe5 30. fxe5 Qd7 31. b4 axb4 32. axb4 Ne4 33. Rxd3 Bxb4 34.
Rg1 Bc5 35. Rg2 Bxd4 36. Rxd4 Rf8 37. Qd1 Qf5 38. Qb3 Rc5 39. Qxb6 Rc3 40. Ng5
Nxg5 41. hxg5 Qxg5 42. Qe6+ Kg7 43. Qxd5 Rf2 44. Qd7+ Kh6 45. Rd3 Rxg2+ 46.
Kxg2 Rc2+ 47. Kh3 Qc1 48. Rd1 Qb2 49. Rh1 Qxe5 50. Qf7 Qc5 51. Re1 Rf2 52. Qe6
Rf3 53. Qe5 Qf8 54. Kg2 Rf7 55. Re2 Kh7 56. Qe4 Qc5 57. Rc2 Qb6 58. Re2 Qf6 59.
Kh2 Qf1 60. Qg2 Qf5 61. Qe4 Qf6 62. Qd5 h4 63. Qe4 hxg3+ 64. Kxg3 Qa1 65. Qe5
Qa3+ 66. Qe3 Qd6+ 67. Qe5 Qd3+ 68. Qe3 Qd8 69. Qe5 Qd3+ 70. Qe3 Qf5 71. Rh2+
Kg8 72. Rf2 Qd7 73. Rxf7 Qxf7 74. Qf4 Qe7 75. Qc4+ Kg7 76. Qd4+ Kf7 77. Qf4+
Ke6 78. Qe4+ Kd7 79. Qxg6 Qd6+ 80. Qxd6+ Kxd6 1/2-1/2

[Event "Tch-CRO 1stA liga 2017"]
[Site "Mali Losinj"]
[Date "2017.09.28"]
[Round "1.42"]
[White "Malakhov, Vladimir"]
[Black "Gharamian, Tigran"]
[Result "1/2-1/2"]
[WhiteElo "2691"]
[BlackElo "2626"]
[PlyCount "93"]
[EventDate "2017.??.??"]
[EventCountry "CRO"]

1. e4 e6 2. d4 d5 3. Nd2 c5 4. Ngf3 cxd4 5. Nxd4 Nc6 6. Bb5 Bd7 7. Nxc6 bxc6 8.
Bd3 Qc7 9. Qe2 Ne7 10. Nf3 Ng6 11. e5 Rb8 12. c3 Be7 13. h4 f6 14. Bxg6+ hxg6
15. Bf4 f5 16. Bg5 Bxg5 17. Nxg5 c5 18. Rh3 Qa5 19. Qd2 Qa4 20. f4 Ke7 21. Kf2
Rb6 22. Rhh1 a5 23. Kg3 Qc6 24. b3 a4 25. b4 Rc8 26. Rhc1 Qc7 27. Rab1 cxb4 28.
cxb4 Rc6 29. Rxc6 Qxc6 30. b5 Qc3+ 31. Qxc3 Rxc3+ 32. Kh2 Bc8 33. b6 Bb7 34.
Rb5 d4 35. Rb4 Rc2 36. Rxa4 Rxg2+ 37. Kh3 Rb2 38. Rxd4 Rxb6 39. Rd6 Rxd6 40.
exd6+ Kxd6 41. Nf7+ Kc5 42. Ne5 Kb4 43. Nxg6 Bd5 44. h5 Bxa2 45. Kh4 Kc5 46.
Kg5 Bc4 47. Ne5 1/2-1/2

[Event "Tch-CRO 1stA liga 2017"]
[Site "Mali Losinj"]
[Date "2017.09.28"]
[Round "1.43"]
[White "Jovanovic, Zoran"]
[Black "Stevic, Hrvoje"]
[Result "1/2-1/2"]
[WhiteElo "2534"]
[BlackElo "2616"]
[PlyCount "45"]
[EventDate "2017.??.??"]
[EventCountry "CRO"]

1. e4 c6 2. e5 d6 3. exd6 exd6 4. d4 Nf6 5. Nf3 d5 6. c3 Bd6 7. Bd3 Qe7+ 8. Qe2
Qxe2+ 9. Kxe2 O-O 10. Re1 Bg4 11. h3 Re8+ 12. Be3 Bh5 13. Nbd2 Nbd7 14. g4 Bg6
15. Nh4 Nf8 16. Nxg6 Nxg6 17. Bxg6 hxg6 18. Kd3 Ne4 19. f3 Nxd2 20. Bxd2 f6 21.
Rxe8+ Rxe8 22. Re1 Rxe1 23. Bxe1 1/2-1/2

[Event "Tch-CRO 1stA liga 2017"]
[Site "Mali Losinj"]
[Date "2017.09.28"]
[Round "1.44"]
[White "Kozul, Zdenko"]
[Black "Djurovic, Goran"]
[Result "1/2-1/2"]
[WhiteElo "2596"]
[BlackElo "2387"]
[PlyCount "92"]
[EventDate "2017.??.??"]
[EventCountry "CRO"]

1. d4 Nf6 2. c4 c5 3. d5 e6 4. Nc3 exd5 5. cxd5 d6 6. g3 g6 7. Bg2 Bg7 8. Nf3
O-O 9. O-O a6 10. a4 Nbd7 11. h3 Re8 12. Re1 Ne4 13. Nxe4 Rxe4 14. Qc2 Rb4 15.
Ra2 b5 16. axb5 Rxb5 17. Bd2 Ne5 18. Nxe5 Bxe5 19. Bc3 Qf6 20. e4 g5 21. Bf1
Rb6 22. Re3 h5 23. Kg2 Rab8 24. Bxe5 Qxe5 25. b3 g4 26. h4 Ra8 27. Qd2 Rb4 28.
Bc4 a5 29. Re1 Bd7 30. Qd3 a4 31. bxa4 Raxa4 32. Rxa4 Bxa4 33. Rc1 Rb2 34. Qe3
Qf6 35. Be2 Kg7 36. Kf1 Rb3 37. Qg5+ Qxg5 38. hxg5 f6 39. Ke1 Rb4 40. gxf6+
Kxf6 41. f3 Ke5 42. Kf2 Rb2 43. f4+ Kf6 44. Ke3 Rb3+ 45. Kf2 Rb2 46. Ke3 Rb3+
1/2-1/2

[Event "Tch-CRO 1stA liga 2017"]
[Site "Mali Losinj"]
[Date "2017.09.28"]
[Round "1.45"]
[White "Bukal, Vladimir Jr"]
[Black "Palac, Mladen"]
[Result "0-1"]
[WhiteElo "2397"]
[BlackElo "2535"]
[PlyCount "38"]
[EventDate "2017.??.??"]
[EventCountry "CRO"]

1. d4 d5 2. Nf3 Nf6 3. Bf4 c5 4. e3 Nc6 5. Bb5 cxd4 6. Qxd4 Bd7 7. Qd3 e6 8.
O-O Be7 9. h3 O-O 10. c3 a6 11. Bxc6 Bxc6 12. Nd4 Be8 13. Nd2 Nd7 14. N2f3 Qb6
15. a4 Nc5 16. Qc2 a5 17. c4 f6 18. Nb5 Bg6 19. Bc7 Qxb5 0-1

[Event "Tch-CRO 1stA liga 2017"]
[Site "Mali Losinj"]
[Date "2017.09.28"]
[Round "1.46"]
[White "Jankovic, Alojzije"]
[Black "Dutina, Dario"]
[Result "1-0"]
[WhiteElo "2582"]
[BlackElo "2266"]
[PlyCount "101"]
[EventDate "2017.??.??"]
[EventCountry "CRO"]

1. d4 e6 2. c4 b6 3. e4 Bb7 4. Nc3 Bb4 5. Qc2 Qh4 6. Bd3 f5 7. Kf1 Bxc3 8. Nf3
Qh5 9. bxc3 Nf6 10. exf5 Bxf3 11. gxf3 O-O 12. Rg1 exf5 13. Bxf5 Nc6 14. Rg2
Qxf3 15. Bg5 Rae8 16. Bxf6 Rxf6 17. Bxh7+ Kf8 18. Bd3 Nd8 19. Be2 Qe4 20. Qxe4
Rxe4 21. Bg4 d6 22. Re1 Rxe1+ 23. Kxe1 c5 24. Ke2 Nc6 25. Bf3 Ne7 26. Be4 Nf5
27. Kd3 Nh4 28. Rg4 Nf5 29. f3 Nh6 30. Rg5 Nf7 31. Rg2 Rh6 32. a4 g5 33. Bf5
Rf6 34. Bg4 Nh6 35. Bh5 Rf5 36. Re2 Nf7 37. Re6 Rf4 38. h3 Rh4 39. Bg4 Rh6 40.
Ke4 Rxe6+ 41. Bxe6 Nh6 42. f4 gxf4 43. Kxf4 Ke7 44. Kg5 Kxe6 45. d5+ Ke5 46.
Kxh6 a6 47. Kg5 b5 48. axb5 axb5 49. cxb5 Kxd5 50. c4+ Ke6 51. b6 1-0

[Event "Tch-CRO 1stA liga 2017"]
[Site "Mali Losinj"]
[Date "2017.09.28"]
[Round "1.51"]
[White "Fedorchuk, Sergey A"]
[Black "Bosiocic, Marin"]
[Result "1-0"]
[WhiteElo "2640"]
[BlackElo "2607"]
[PlyCount "49"]
[EventDate "2017.??.??"]
[EventCountry "CRO"]

1. e4 c5 2. Nf3 e6 3. d4 cxd4 4. Nxd4 Nc6 5. Nc3 Qc7 6. Be3 a6 7. Be2 Nf6 8.
O-O Be7 9. f4 d6 10. Kh1 O-O 11. Qe1 Nxd4 12. Bxd4 b5 13. Qg3 Bb7 14. a3 Bc6
15. Rae1 Qb7 16. Bd3 b4 17. Nd1 bxa3 18. bxa3 Rac8 19. Rf3 Nh5 20. Qh3 Nxf4 21.
Rxf4 e5 22. Ne3 g6 23. Qh6 Kh8 24. Ba1 f6 25. Rh4 1-0

[Event "Tch-CRO 1stA liga 2017"]
[Site "Mali Losinj"]
[Date "2017.09.28"]
[Round "1.52"]
[White "Beliavsky, Alexander G"]
[Black "Georgiev, Kiril"]
[Result "1/2-1/2"]
[WhiteElo "2547"]
[BlackElo "2631"]
[PlyCount "63"]
[EventDate "2017.??.??"]
[EventCountry "CRO"]

1. Nf3 d5 2. d4 Nf6 3. c4 dxc4 4. e3 e6 5. Bxc4 c5 6. O-O a6 7. b3 Nc6 8. Bb2
cxd4 9. Nxd4 Bd7 10. Nd2 Bd6 11. Be2 Qb8 12. h3 O-O 13. Nc4 Bh2+ 14. Kh1 Bc7
15. Bf3 Ne7 16. Ba3 Re8 17. Qc2 e5 18. Ne2 Bf5 19. e4 Be6 20. Rad1 Nc6 21. Nd6
Rd8 22. Nf5 Re8 23. Neg3 Kh8 24. Qc1 Rg8 25. Qg5 Bd8 26. Qe3 a5 27. Bd6 Bc7 28.
Bxc7 Qxc7 29. Qg5 Ne8 30. Be2 a4 31. Bc4 axb3 32. axb3 1/2-1/2

[Event "Tch-CRO 1stA liga 2017"]
[Site "Mali Losinj"]
[Date "2017.09.28"]
[Round "1.53"]
[White "Muse, Drazen"]
[Black "Nevednichy, Vladislav"]
[Result "0-1"]
[WhiteElo "2356"]
[BlackElo "2528"]
[PlyCount "58"]
[EventDate "2017.??.??"]
[EventCountry "CRO"]

1. d4 Nf6 2. Bf4 e6 3. e3 c5 4. c3 Nc6 5. Nd2 d5 6. Ngf3 Bd6 7. Bg3 O-O 8. Bd3
b6 9. Ne5 Ne7 10. f4 Ne8 11. Bf2 f6 12. Nef3 a5 13. Qe2 c4 14. Bc2 b5 15. g3 f5
16. a3 Nf6 17. Ne5 Bd7 18. g4 Bxe5 19. dxe5 Nxg4 20. Bh4 Qe8 21. Bg5 Kh8 22. e4
dxe4 23. Nxe4 fxe4 24. Bxe7 Qxe7 25. Qxg4 Bc6 26. O-O-O b4 27. Rd6 Bd5 28. axb4
axb4 29. cxb4 e3 0-1